[Event "Nordstrand GP Langsjakk 2017"]
[Site "?"]
[Date "2017.04.23"]
[Round "5"]
[White "Gonzàles, Francisco Silva"]
[Black "Mirza, Raad"]
[Result "1-0"]
[WhiteElo "2026"]
[BlackElo "1930"]
[PlyCount "131"]
[EventDate "2017.??.??"]

1. d4 Nf6 2. c4 e6 3. Nc3 d5 4. Bg5 Be7 5. e3 Nbd7 6. Qc2 c5 7. Nf3 cxd4 8.
exd4 h6 9. Bf4 dxc4 10. Bxc4 Nb6 11. Bb3 O-O 12. g4 Nfd5 13. Bd2 Bd7 14. O-O-O
Rc8 15. Ne5 a5 16. Qe4 f5 17. gxf5 exf5 18. Bxd5+ Kh7 19. Qg2 Be8 20. Be6 Rc7
21. Rhg1 Bb4 22. Qh3 Qf6 23. Bb3 a4 24. Bc2 a3 25. Kb1 axb2 26. Rg5 Rxc3 27.
Rxf5 Rxh3 28. Rxf6+ Kg8 29. Rxf8+ Bxf8 30. Bb3+ Kh7 31. Rg1 Rxh2 32. Bc2+ Kg8
33. Ng4 Rh4 34. Nxh6+ Kh8 35. Nf5 Rh5 36. Ne3 Bc6 37. Kxb2 Be7 38. Bb3 Bf6 39.
Rg4 Kh7 40. Bf7 Rb5+ 41. Kc2 Bd5 42. a4 Bxf7 43. axb5 Be8 44. Ba5 Nc8 45. b6
Bd8 46. Nd5 Nd6 47. Nc7 Bg6+ 48. Kb3 Ne4 49. Be1 Bf6 50. d5 Nc5+ 51. Kc4 Nd3
52. Rg1 Ne5+ 53. Kc5 Be7+ 54. d6 Nd7+ 55. Kd5 Bf7+ 56. Ke4 Bxd6 57. Bc3 Bf8 58.
Bd4 Bg6+ 59. Kd5 Bf7+ 60. Ne6 Kh6 61. f4 Bc5 62. Bxg7+ Kh7 63. Rg3 Bxe6+ 64.
Kxe6 Bf2 65. Rg2 Bc5 66. Kf7 1-0

[Event "Nordstrand GP Langsjakk 2017"]
[Site "?"]
[Date "2017.04.23"]
[Round "5"]
[White "Sebastian, Andreas"]
[Black "Rukovci, Shemsi"]
[Result "1-0"]
[WhiteElo "1810"]
[BlackElo "2026"]
[PlyCount "71"]
[EventDate "2017.??.??"]

1. c4 e5 2. g3 Bc5 3. Bg2 c6 4. Nc3 Nf6 5. e4 d6 6. Nge2 Bg4 7. h3 Be6 8. d3 a6
9. O-O O-O 10. Rb1 Ba7 11. b4 Nbd7 12. Kh2 Ne8 13. f4 f5 14. b5 Rc8 15. Ba3 Rf6
16. bxa6 bxa6 17. Qa4 Rh6 18. exf5 Bxf5 19. Rb7 Bd4 20. fxe5 Bxc3 21. Nxc3 Bxd3
22. Re1 Nxe5 23. c5 Qf6 24. cxd6 Nxd6 25. Bxd6 Qxd6 26. Qf4 Nd7 27. Qg4 Rd8 28.
Be4 Bxe4 29. Nxe4 Qg6 30. Ng5 Nf6 31. Qe6+ Kh8 32. Nf7+ Qxf7 33. Qxf7 Rg8 34.
Rbe7 Ng4+ 35. Kg2 Rf6 36. Qb3 1-0

[Event "Nordstrand GP Langsjakk 2017"]
[Site "?"]
[Date "2017.04.23"]
[Round "5"]
[White "Pronstad, Thomas"]
[Black "Lindbøl, Aleksander"]
[Result "1/2-1/2"]
[WhiteElo "1876"]
[BlackElo "1971"]
[PlyCount "115"]
[EventDate "2017.??.??"]

1. Nf3 c5 2. c4 Nc6 3. d4 cxd4 4. Nxd4 Nf6 5. Nc3 d5 6. cxd5 Nxd5 7. Nxc6 bxc6
8. Bd2 e6 9. a3 Be7 10. e4 Nb6 11. Be2 O-O 12. O-O e5 13. Qc2 Bb7 14. Rfd1 Bd6
15. Be3 Qe7 16. Na4 Nxa4 17. Qxa4 Rfd8 18. Rac1 a6 19. Bb6 Bc7 20. Bc5 Bd6 21.
Rxd6 Rxd6 22. Qb4 Rad8 23. Bxd6 Rxd6 24. Qb6 h6 25. Bxa6 Qg5 26. Rb1 Bxa6 27.
Qxa6 Kh7 28. Qc4 Qf4 29. Qc5 Qxe4 30. Rc1 Rd2 31. b4 Qd3 32. g3 Qxa3 33. Qxc6
Qxb4 34. Re1 Qd4 35. Qf3 f6 36. Qf5+ Kh8 37. Qc8+ Qd8 38. Qxd8+ Rxd8 39. h4 h5
40. Kg2 Kh7 41. Kf3 Kg6 42. Ra1 Kf5 43. Ra4 Rd4 44. Ra7 g6 45. Ra5 Rb4 46. Rc5
Rb3+ 47. Kg2 g5 48. hxg5 Kxg5 49. Ra5 Kg6 50. Ra4 f5 51. Ra6+ Kg5 52. Re6 e4
53. Re8 Rb2 54. Rg8+ Kf6 55. Re8 Rc2 56. Rf8+ Ke6 57. Re8+ Kf7 58. Re5 1/2-1/2

[Event "Nordstrand GP Langsjakk 2017"]
[Site "?"]
[Date "2017.04.23"]
[Round "5"]
[White "Lund, Elin Teresa Stensrud"]
[Black "Haugland, Rasmus L"]
[Result "0-1"]
[WhiteElo "1868"]
[BlackElo "1944"]
[PlyCount "88"]
[EventDate "2017.??.??"]

1. d4 Nf6 2. c4 g6 3. Nc3 d5 4. Nf3 Bg7 5. h4 c6 6. cxd5 Nxd5 7. h5 Nxc3 8.
bxc3 Bf5 9. h6 Bf6 10. Bg5 Qa5 11. Qd2 Nd7 12. Bxf6 Nxf6 13. Ng5 O-O 14. f3 c5
15. e4 Bd7 16. d5 e6 17. c4 Qxd2+ 18. Kxd2 exd5 19. e5 Nh5 20. cxd5 Rfe8 21. e6
fxe6 22. dxe6 Bc6 23. Rxh5 gxh5 24. Bd3 Rad8 25. Ke3 Re7 26. f4 Rd4 27. g4 h4
28. Bf5 Bd5 29. a4 h3 30. Nf3 Rb4 31. Rd1 Rb3+ 32. Kf2 Rxf3+ 33. Ke2 h2 34.
Rxd5 Kf8 35. Rd1 Rxf4 36. Ke3 Rxa4 37. Rh1 Ra2 38. Kf4 c4 39. Ke5 Rd2 40. Rf1
Ke8 41. g5 Rg2 42. Kf6 Rg1 43. g6 h1=Q 44. gxh7 Qxh6+ 0-1

[Event "Nordstrand GP Langsjakk 2017"]
[Site "?"]
[Date "2017.04.23"]
[Round "5"]
[White "Skaslien, Ingrid"]
[Black "Smeby, Ole"]
[Result "0-1"]
[WhiteElo "1755"]
[BlackElo "1936"]
[PlyCount "92"]
[EventDate "2017.??.??"]

1. d4 Nf6 2. c4 c5 3. d5 b5 4. cxb5 a6 5. b6 g6 6. Nc3 d6 7. e4 Bg7 8. Nf3 Nbd7
9. h3 Qxb6 10. Be2 O-O 11. O-O Ne8 12. Re1 Nc7 13. a4 a5 14. Ra3 Ba6 15. Rb3
Bxe2 16. Rxe2 Qa6 17. Nb5 Rfc8 18. Bd2 c4 19. Nxc7 Rxc7 20. Rb5 Rc5 21. Rxc5
Nxc5 22. Bc3 Bxc3 23. bxc3 Rb8 24. Nd4 Qb6 25. Kh2 Qb1 26. Qxb1 Rxb1 27. Nc6
Nxa4 28. Rc2 Rb3 29. Nxa5 Rxc3 30. Rxc3 Nxc3 31. f3 f5 32. Nxc4 fxe4 33. fxe4
Nxe4 34. Ne3 Kf7 35. g4 Kf6 36. Kg2 Ke5 37. Kf3 Ng5+ 38. Kg3 Ke4 39. Nc2 Kxd5
40. h4 Ne4+ 41. Kf4 e5+ 42. Kf3 Nc5 43. h5 gxh5 44. gxh5 Ke6 45. Kg4 Ne4 46.
Kf3 Nf6 0-1

[Event "Nordstrand GP Langsjakk 2017"]
[Site "?"]
[Date "2017.04.23"]
[Round "5"]
[White "Unneland, Mathias"]
[Black "Abrahamsen, Knut Ø"]
[Result "0-1"]
[WhiteElo "1788"]
[BlackElo "1885"]
[PlyCount "94"]
[EventDate "2017.??.??"]

1. e4 c5 2. Nc3 Nc6 3. f4 g6 4. Nf3 Bg7 5. Bc4 e6 6. O-O Nge7 7. d3 O-O 8. Qe1
d5 9. Bb3 Nd4 10. Qh4 dxe4 11. dxe4 Nec6 12. Qxd8 Rxd8 13. Be3 b6 14. e5 Ba6
15. Rf2 Nf5 16. Re1 Bf8 17. Ba4 Ncd4 18. Bxd4 Nxd4 19. Nxd4 Rxd4 20. Bc6 Rad8
21. g3 Be7 22. Bf3 c4 23. Rfe2 b5 24. a3 b4 25. axb4 Bxb4 26. Ra1 Bxc3 27. bxc3
Rd1+ 28. Rxd1 Rxd1+ 29. Kf2 Bb5 30. g4 a5 31. Ke3 a4 32. Rd2 Re1+ 33. Kf2 Rc1
34. f5 exf5 35. gxf5 gxf5 36. h4 a3 37. Rd8+ Kg7 38. Ra8 Rxc2+ 39. Be2 Rxc3 40.
Ra7 Bc6 41. e6 a2 42. exf7 Rc2 43. h5 h6 44. Ke3 f4+ 45. Kxf4 Rxe2 46. Kf5 Be4+
47. Ke6 Bg6+ 0-1

[Event "Nordstrand GP Langsjakk 2017"]
[Site "?"]
[Date "2017.04.23"]
[Round "5"]
[White "Jashari, Driton"]
[Black "Ali, Karim"]
[Result "1-0"]
[WhiteElo "1851"]
[BlackElo "1841"]
[PlyCount "67"]
[EventDate "2017.??.??"]

1. e4 e6 2. Nf3 d5 3. exd5 exd5 4. d4 Bd6 5. Bd3 Ne7 6. Bg5 f6 7. Bh4 Bf5 8.
Bg3 O-O 9. O-O Bxg3 10. fxg3 Be4 11. c4 Nbc6 12. cxd5 Bxd5 13. Nbd2 f5 14. a3
Kh8 15. Bc4 Qd6 16. b4 a6 17. Qb3 Rad8 18. Rad1 b5 19. Bxd5 Qxd5 20. Qxd5 Nxd5
21. Rfe1 Rfe8 22. Ne5 Nxe5 23. dxe5 Kg8 24. Nf3 h6 25. e6 Ne7 26. Rd7 c6 27.
Ra7 Rd6 28. Rd7 Nc8 29. Rc7 Kf8 30. Nh4 Ne7 31. Rd7 Rd8 32. Rxe7 Kxe7 33. Nxf5+
Ke8 34. e7 1-0